[Event "Potiguar-ch"]
[Site "Natal"]
[Date "2012.09.22"]
[Round "2"]
[White "Lopes, Rubens Lage"]
[Black "Oliveira Jr, Antonio Fernandes"]
[Result "1/2-1/2"]
[WhiteElo "2046"]
[BlackElo "1854"]
[PlyCount "70"]
[EventDate "2012.09.21"]
[EventType "swiss"]
[EventRounds "9"]
[EventCountry "BRA"]
[SourceTitle "EXT 2022"]
[Source "ChessBase"]
[SourceDate "2021.10.06"]
[SourceVersion "1"]
[SourceVersionDate "2021.10.06"]
[SourceQuality "1"]

1. e4 c5 2. Nf3 Nc6 3. d4 cxd4 4. Nxd4 g6 5. c4 Bg7 6. Be3 Nf6 7. Nc3 0-0 8. Be2 d6 9. 0-0 a6 10. f4 e6 11. Bf3 Qb6 12. Nf5 Qxb2 13. Na4 Qa3 14. Nxd6 Qxe3+ 15. Kh1 Qd4 16. e5 Qxd1 17. Rfxd1 Ne8 18. Nb6 Nxd6 19. Nxa8 Nxc4 20. Rac1 Ne3 21. Rd3 Nf5 22. Nb6 Ncd4 23. Nxc8 Nxf3 24. Rxf3 Rd8 25. g4 Nd4 26. Rd3 f6 27. Nd6 fxe5 28. fxe5 Bxe5 29. Nxb7 Rb8 30. Nc5 Rb2 31. Re1 Rxh2+ 32. Kg1 Ne2+ 33. Kf1 Ng3+ 34. Kg1 Ne2+ 35. Kf1 Ng3+ 1/2-1/2

[Event "Potiguar-ch"]
[Site "Natal"]
[Date "2012.09.21"]
[Round "1"]
[White "Cirne, Bruno Uchoa"]
[Black "Lopes, Rubens Lage"]
[Result "0-1"]
[WhiteElo "1704"]
[BlackElo "2046"]
[PlyCount "72"]
[EventDate "2012.09.21"]
[EventType "swiss"]
[EventRounds "9"]
[EventCountry "BRA"]
[SourceTitle "EXT 2022"]
[Source "ChessBase"]
[SourceDate "2021.10.06"]
[SourceVersion "1"]
[SourceVersionDate "2021.10.06"]
[SourceQuality "1"]

1. d4 d5 2. Nf3 Nf6 3. Bf4 e6 4. e3 Bd6 5. Bxd6 cxd6 6. c3 0-0 7. Be2 Nc6 8. 0-0 e5 9. Nbd2 Bf5 10. Qb3 Qe7 11. Ne1 exd4 12. cxd4 Nxd4 13. exd4 Qxe2 14. Ndf3 Qc4 15. Qa3 Ne4 16. b3 Qb5 17. Rc1 a6 18. Nc2 Nc3 19. Kh1 Ne2 20. Ne3 Nxc1 21. Rxc1 Be4 22. Qxd6 Rac8 23. Rc5 Rxc5 24. dxc5 Bxf3 25. gxf3 Re8 26. Kg2 Qc6 27. Qxc6 bxc6 28. Kf1 Kf8 29. Nc2 Ke7 30. Nb4 Kd7 31. Nxa6 Ra8 32. Nb4 Ra5 33. Ke2 Rxc5 34. Kd2 Ra5 35. Kc3 Kd6 36. Kd4 c5+ 0-1